000 00742cab a2200229 4500
001 ABS45281
008 090401t1991 xxu||||| |||| 00| 0 eng d
035 _a(Sirsi) u52050
041 _aeng
100 _aBettle, J.
245 _aPrice of wrongful eviction
260 _c1991
350 _a0
490 _aLaw Society`s Gazette
_v88(30) 28 August 1991, 18-20(3)
520 _aInvestigates the growing tendency for landlords who illegally evict tenants to have five figure sums awarded against them for wrongful eviction.
650 _aDAMAGES
650 _aEVICTION
690 _aPROPERTY-RESIDENTIAL PROPERTY-RESIDENTIAL LANDLORD AND TENANT-RESIDENTIAL TENANCIES
700 _aBright, S.
942 _n0
948 _c04/03/1997
999 _c32288
_d32288